000 00315nam a2200121 a 4500
005 20140414132054.0
008 110714s19uu xx 00 eng d
050 _aER
_bSCH1 2002
100 _aSchecter, Deborah
245 _aWonderful water color art.
260 _aNew York :
_bScholactis,
_c2002.
999 _c114268
_d114268